Asian philosophies (Record no. 396720)

MARC details
000 -LEADER
fixed length control field 00501nam a2200205 4500
005 - DATE & TIME
control field 20260119112258.0
008 - FIXED-LENGTH DATA ELEMENTS--GENERAL INFORMATION
fixed length control field 260119b |||||||| |||| 00| 0 eng d
020 ## - ISBN
International Standard Book Number 9781138629721
Price £89.99
040 ## - CATALOGING SOURCE
Original cataloging agency VIVEKANANDA LIBRARY
082 ## - DDC NUMBER
Classification number 181
Book Number K833A(7)
100 ## - MAIN ENTRY--PERSONAL NAME
Personal name Koller, John M
245 ## - TITLE STATEMENT
Title Asian philosophies
250 ## - EDITION STATEMENT
Edition statement 7th
260 ## - PUBLICATION, DISTRIBUTION, ETC. (IMPRINT)
Place of publication, distribution, etc London
Name of publisher, distributor, etc Routeledge Taylor& Francis Group
Date of publication, distribution, etc 2018
300 ## - PHYSICAL DESCRIPTION
Pages xxx, 395
650 ## - Subject
Subject Philosophy
650 ## - Subject
Subject Indian Philosophy
942 ## - ADDED ENTRY ELEMENTS (KOHA)
Koha item type Books

No items available.

© Designed and Maintained by Vivekananda Library, MDU Rohtak